Disc Golf Terminology - Statistics

General Stats
  • This quiz has been taken 305 times
  • The average score is 8 of 13
Answer Stats
Hint Answer % Correct
The quality of a disc that causes it to fly to the right at high speed Understability
80%
A throw where most of the distance comes from rolling the disc on the ground rather than flying through the air Roller
78%
An angle of release where the outside edge or left edge of the disc is tilted downward Hyzer
77%
The disc turning to the right during the high speed portion of the flight Turn
67%
The quality of a disc that causes it to fly to the left at low and high speeds Overstability
65%
An angle of release where the outside edge or left edge of the disc is tilted upward Anhyzer
63%
A shot thrown high with an extreme hyzer angle to land vertically Spike Hyzer
61%
The quality of a disc that causes it to fly straight Stability
60%
A putt where the player pushes off the ground with the lead foot at the time of release Jump Putt
58%
A disc turning to the left at low speeds Fade
46%
An anhyzer throw with an overstable disc intended to fly to the right and fade back to the left Flex Shot
42%
A roller that never turns on its back as most rollers do Cut Roller
32%
A putting style with the shoulders squared up the the basket Straddle Putt
29%
No matching quizzes found
Score Distribution
Percent of People with Each Score
Percentile by Number Answered
Your Score History
You have not taken this quiz